Score 0/20 Timer 02:00
0 Plays Today
Year Missing Word % Correct
1960Joe
98.9%
1970Cube
97.8%
1960Sketch
96.5%
1980Patch
96.3%
1980Little
95.7%
1990Buzz
95.1%
1960Bake
95%
1990Baby
91.3%
1960Hot
87.1%
1990Elmo
85.8%
Year Missing Word % Correct
1970Bear
79.1%
1980Polly
69.2%
1960Robots
68%
1990Girl
67.3%
1970Ball
61.2%
1970Dinks
58%
1990Log
57.8%
1980Universe
53.2%
1970Speak
43.1%
1980Skip
14%

Today's Daily Dose

Missing Word
I Hardly Know Her!

Word Ladder
Sentence Ending

Quick Pick
Female Firsts

Get the Picture
Triathlon Sports

Remove Ads.
Support Sporcle.
Get the best of Sporcle when you Go Orange. This ad-free experience offers more features, more stats, and more fun while also helping to support Sporcle. Thank you for becoming a member.

You're not logged in!

Compare scores with friends on all Sporcle quizzes.
OR
Log In

Show Comments

Extras

Top Quizzes Today


Score Distribution

Your Account Isn't Verified!

In order to create a playlist on Sporcle, you need to verify the email address you used during registration. Go to your Sporcle Settings to finish the process.

Report this User

Report this user for behavior that violates our Community Guidelines.

Details: